000 00299nam a2200121Ia 4500
008 190216s9999||||xx |||||||||||||| ||und||
100 _aSundaram K P M
245 0 _aTheory Of Price Income And Growth
260 _bChaithanya Pub.House Allahabad
300 _a476p
650 _aCommerce
942 _cBK
999 _c9257
_d9257